Vývoj a financovanie malých a stredných výrobných podnikov na Slovensku (Development and support of small and medium manufacture enterprises in Slovakia)[CD-ROM] : diplomová práca

Gespeichert in:
Bibliographische Detailangaben
1. Verfasser: Štěpánek, Zdeněk (Verfasst von)
Weitere Verfasser: Tekulová, Zuzana, 1974- (xxx)
Format: Manuskript Buch
Sprache:Slowakisch
Veröffentlicht: Bratislava : STU v Bratislave SjF, 2009
Ausgabe:1. vyd
Schlagworte:
Tags: Tag hinzufügen
Keine Tags, Fügen Sie das erste Tag hinzu!

MARC

LEADER 00000ntm a22000003a 4500
001 stu199082
005 20150617230037.8
008 100127s2009----xo------------------slo-d
040 |a STU  |b slo 
041 0 |a slo 
044 |a xo 
100 1 |a Štěpánek, Zdeněk  |4 aut  |u J0070  |9 100  |U SjF Strojnícka fakulta  |T SjF Ústav výrobných systémov, enviromentálnej techniky a manažment kvality  |U J0070  |Y 804 
245 1 |a Vývoj a financovanie malých a stredných výrobných podnikov na Slovensku (Development and support of small and medium manufacture enterprises in Slovakia)[CD-ROM] :  |b diplomová práca 
250 |a 1. vyd 
260 |a Bratislava :  |b STU v Bratislave SjF,  |c 2009 
300 |a 106 s 
650 7 |a financovanie  |2 stusub 
650 7 |a analýza aspektovo-orientovaná  |2 stusub 
650 7 |a analysis  |2 estusub 
650 7 |a Development  |2 estusub 
700 1 |a Tekulová, Zuzana,  |d 1974-  |4 xxx  |u J0070  |U SjF Strojnícka fakulta  |T SjF Ústav výrobných systémov, enviromentálnej techniky a manažment kvality  |X 42591  |U J0070  |Y 804  |7 A000042591 
996 |b 284J035870  |c J*480/DP  |l JJSK  |s A  |a 24  |w stu199082_0001